[Event "4NCL 2019-20"]
[Site "Daventry"]
[Date "2020.02.29"]
[Round "1"]
[White "Stepanyan, Henrik"]
[Black "Foisor, Mihaela-Veronica"]
[Result "1/2-1/2"]
[WhiteElo "2198"]
[BlackElo "2211"]
[Annotator "ChessBase"]
[PlyCount "46"]
[EventDate "2020.01.11"]
[EventCountry "ENG"]
[SourceTitle "playchess.com"]
[Source "ChessBase"]
[SourceQuality "1"]
[TimeControl "40/6000:3000+30"]

1. d4 {[%emt 0:00:00]} Nf6 {[%emt 0:00:00]} 2. c4 {[%emt 0:00:00]} e6 {[%emt 0:00:00]} 3. Nf3 {[%emt 0:00:00]} d5 {[%emt 0:00:00]} 4. g3 {[%emt 0:00:00]} c6 {[%emt 0:00:00]} 5. Qc2 {[%emt 0:00:40]} Be7 {[%emt 0:00:56]} 6. Bg2 {[%emt 0:00:00]} b6 {[%emt 0:00:00]} 7. O-O {[%emt 0:00:00]} Ba6 {[%emt 0:00:09]} 8. Nbd2 {[%emt 0:10:39]} Nbd7 {[%emt 0:00:30]} 9. Re1 {[%emt 0:06:20]} O-O {[%emt 0:00:59]} 10. e4 {[%emt 0:06:26]} dxe4 {[%emt 0:00:03]} 11. Nxe4 {[%emt 0:00:00]} Nxe4 {[%emt 0:00:00]} 12. Rxe4 {[%emt 0:00:00]} c5 {[%emt 0:03:19]} 13. Re1 {[%emt 0:08:48]} Rc8 {[%emt 0:02:27]} 14. d5 {[%emt 0:03:19]} exd5 {[%emt 0:00:00]} 15. cxd5 {[%emt 0:00:00]} Nf6 {[%emt 0:00:00]} 16. Bf4 {[%emt 0:06:34]} Bd6 {[%emt 0:00:52]} 17. Bg5 {[%emt 0:01:46]} h6 {[%emt 0:00:17]} 18. Bxf6 {[%emt 0:02:16]} Qxf6 {[%emt 0:00:00]} 19. Nd2 {[%emt 0:00:24]} Bb7 {[%emt 0:00:02]} 20. Ne4 {[%emt 0:01:31]} Qg6 {[%emt 0:00:01]} 21. Qa4 {[%emt 0:04:00]} Bxd5 {[%emt 0:06:35]} 22. Nxd6 {[%emt 0:18:16]} Qxd6 {[%emt 0:00:00]} 23. Bxd5 {[%emt 0:00:23]} Qxd5 {[%emt 0:00:00]} 1/2-1/2

[Event "4NCL 2019-20"]
[Site "Daventry"]
[Date "2020.02.29"]
[Round "1"]
[White "Ivell, Nicholas W"]
[Black "Harvey, Marcus R"]
[Result "0-1"]
[WhiteElo "2177"]
[BlackElo "2419"]
[Annotator "TA"]
[PlyCount "108"]
[EventDate "2020.01.11"]
[EventCountry "ENG"]
[SourceTitle "playchess.com"]
[Source "ChessBase"]
[SourceQuality "1"]

{[%evp 12,108,0,0,0,-8,0,0,0,-9,-9,-4,0,0,0,0,33,0,41,24,47,18,0,0,-11,-37,-38,-19,-20,-122,-133,-139,-140,-113,-122,-115,-118,-162,-119,-122,-122,-159,-159,-165,-159,-162,-148,-171,-148,-141,-128,-177,-177,-177,-177,-179,-169,-177,-141,-178,-184,-219,-218,-219,-177,-185,-187,-225,-225,-225,-209,-247,-218,-219,-215,-218,-218,-283,-283,-314,-283,-314,-314,-314,-314,-304,-298,-301,-296,-520,-520,-515,-507,-507,-352,-507,-500,-464,-397]} 1. e4 e6 2. d4 d5 3. exd5 exd5 4. Nf3 Bd6 5. c4 Nf6 6. c5 Be7 7. Bd3 O-O {C01: French: Exchange Variation.} 8. h3 b6 9. cxb6 $1 axb6 {The position is equal.} 10. O-O c5 11. Nc3 Nc6 12. Re1 h6 13. Bf4 {[#]} c4 $146 ({Predecessor:} 13... Bd6 14. Be5 cxd4 15. Bxd6 Qxd6 16. Nb5 Qf4 17. Nbxd4 Nxd4 18. Nxd4 Kh8 19. Ne2 Qb4 {1-0 (63) Russek Libni,G (2395)-Valle,A Sao Paulo 1991}) 14. Bb1 Ra5 15. Qd2 Ne4 16. Nxe4 dxe4 17. Bxe4 Bb4 $36 {[%mdl 2048] Black has the initiative.} 18. Qe3 Bxe1 19. Rxe1 Ne7 20. Bb1 (20. Qc1 $11 {keeps the balance.}) 20... Bf5 $17 21. Qxe7 Qxe7 22. Rxe7 {[#] Hoping for Bxf5.} Bxb1 23. a3 Rb5 24. Bc1 Bf5 25. Re5 Rxe5 26. Nxe5 {[%mdl 4096] Endgame KRB-KBN} Rc8 27. Bd2 f6 28. Nf3 Be4 29. Nh2 Rd8 30. Bc3 f5 31. Nf1 f4 32. Nd2 Bd5 33. f3 Re8 34. Kf2 Kf7 35. Bb4 Re3 36. Bc3 g5 37. Nf1 Re8 38. Nd2 Kg6 39. Nf1 h5 40. Nd2 Kf5 41. Nf1 Rh8 42. Nh2 Rh7 43. Bd2 Bc6 44. Kf1 Ba4 45. Kf2 Bc2 46. Bc3 Bd3 47. Nf1 Re7 48. Nd2 Re2+ 49. Kg1 Ke6 50. Bb4 $2 {[#]} (50. a4) 50... Kd5 $19 51. Bc3 Re8 52. Kf2 b5 53. Kg1 (53. g4 $142) 53... Re1+ 54. Kf2 Rh1 {Accuracy: White = 63%, Black = 86%.} 0-1

[Event "4NCL 2019-20"]
[Site "Daventry"]
[Date "2020.02.29"]
[Round "1"]
[White "Gallagher, Daniel GH"]
[Black "Merry, Alan B"]
[Result "0-1"]
[WhiteElo "2171"]
[BlackElo "2423"]
[Annotator "TA"]
[PlyCount "56"]
[EventDate "2020.01.11"]
[EventCountry "ENG"]
[SourceTitle "playchess.com"]
[Source "ChessBase"]
[SourceQuality "1"]

{[%evp 15,56,9,18,20,29,3,23,0,0,-34,-36,-31,-28,-30,-24,-30,-39,-47,-12,-15,0,-32,0,-194,-194,-193,-197,-198,-99,-108,-104,-145,-143,-156,-153,-446,-441,-414,-431,-839,-576,-553,-571]} 1. e4 e6 2. d4 d5 3. Nd2 c5 4. Ngf3 cxd4 5. Nxd4 Nc6 6. Bb5 Bd7 7. Nxc6 bxc6 8. Bd3 Qc7 9. Qe2 {C07: French Tarrasch: 3...c5, 4 Ngf3 and 4 exd5 Qxd5.} Ne7 10. Nf3 {10.0-0 deserves study.} Ng6 11. e5 {White has an edge.} c5 12. c4 dxc4 13. Bxc4 Rb8 14. O-O Bc6 15. Re1 Be7 16. Ng5 {[#]} Qb7 $146 ({Predecessor:} 16... O-O 17. Qh5 Bxg5 18. Qxg5 Bb5 19. Bb3 Bd3 20. Bd1 c4 21. Bh5 h6 22. Qg3 Qa5 {0-1 (34) Rahman,Z (2454)-Reefat,B (2417) Dhaka 2019}) 17. Ne4 O-O 18. f4 Rfd8 19. f5 $2 {[#]} (19. g3 $11 {and White has nothing to worry.}) 19... exf5 $19 20. Ng5 Bxg5 21. Bxg5 Re8 ({Better is} 21... Rd4 $19 22. e6 Re4 23. exf7+ Kh8) 22. e6 $17 fxe6 23. Bxe6+ Kh8 {Hoping for ...Nf8.} 24. Qd2 {[#]} Be4 $1 $36 {[%mdl 2048] Black is in control.} ({Much less strong is} 24... Qxb2 25. Bxf5 Qa3 26. Rac1 $15) 25. Bd7 $2 {Loses the game.} (25. Bc4 $17) 25... Re5 $19 26. Ba4 h6 27. Bf4 (27. Bxh6 $142 gxh6 28. Qxh6+ Qh7 29. Qxh7+ Kxh7 30. Bb3) 27... Nxf4 {[%mdl 64] Overworked Piece} 28. Qxf4 Qxb2 {Accuracy: White = 46%, Black = 68%.} 0-1

[Event "4NCL 2019-20"]
[Site "Daventry"]
[Date "2020.02.29"]
[Round "1"]
[White "Sucikova, Svetlana"]
[Black "Zhu, Yaoyao"]
[Result "1-0"]
[WhiteElo "2160"]
[BlackElo "1896"]
[Annotator "TA"]
[PlyCount "85"]
[EventDate "2020.01.11"]
[EventCountry "ENG"]
[SourceTitle "playchess.com"]
[Source "ChessBase"]
[SourceQuality "1"]

{[%evp 12,85,37,-21,21,16,69,35,62,59,79,42,37,36,41,38,64,58,77,68,106,98,130,127,163,143,164,167,154,29,209,130,131,129,174,45,41,43,37,31,29,23,29,38,15,22,44,44,136,18,11,0,0,0,0,0,0,0,0,0,0,0,139,127,116,66,29974,5824,29987,1221,11535,6195,29987,29987,29988,29988]} 1. d4 Nf6 2. Nf3 g6 3. c4 Bg7 4. Nc3 O-O 5. e4 d6 6. Be2 e5 7. h3 (7. d5 $14) 7... Nc6 {E92: King's Indian: Classical: 6 Be2 e5: 7 dxe5, 7 Be3 and Petrosian System without 7...Nbd7.} 8. d5 Ne7 (8... Nd4 $11) 9. Bg5 h6 {White is slightly better.} 10. Be3 Nd7 11. Nd2 f5 12. f3 f4 13. Bf2 a5 {[#]} 14. a3 $146 ({Predecessor:} 14. Qc2 b6 15. a3 Nf6 16. Bd3 g5 17. O-O-O Bd7 18. b3 Kf7 19. Kb2 Rg8 20. b4 {1-0 (41) Gregor,J (2074)-Bella,J (1737) Slovakia 2008}) 14... b6 15. b4 Nf6 16. c5 axb4 17. axb4 Rxa1 18. Qxa1 bxc5 19. bxc5 dxc5 20. Nc4 ({White should play} 20. Qa2 $16) 20... Nd7 $2 (20... Nexd5 $11 {and Black stays safe.} 21. Nxd5 (21. exd5 e4 $14) 21... Nxd5) 21. O-O {[%mdl 1024] White has strong compensation.} Rf6 22. Rd1 Kh7 23. Qa5 (23. Na5 $18) 23... Ra6 $14 24. Qb5 c6 25. dxc6 Nxc6 26. Bxc5 Nd4 27. Bxd4 $1 exd4 28. Nd5 Ra2 29. Bf1 Qh4 ({Better is} 29... Ne5 $14 30. Nb4 Nxf3+ 31. gxf3 Bd7) 30. Qc6 ({White should try} 30. Nb4 $1 $16 {[%cal Rb4a2]} Qf2+ 31. Kh1) 30... Ba6 $11 31. e5 Qf2+ 32. Kh1 Bxc4 $1 33. Qxd7 {Intending Nf6+ and mate.} Bxd5 34. Qxd5 Rd2 35. Rb1 {Threatens to win with e6.} d3 $1 36. e6 Re2 (36... Rb2 $1 $11 {keeps the balance.} 37. Rd1 Re2 $1 {[%mdl 512]}) 37. Bxe2 $16 dxe2 {[%mdl 4096] Endgame KQR-KQB} 38. Qe4 {aiming for e7.} Qf1+ $2 {[%mdl 8192]} (38... Bd4 $14 39. Qb7+ Bg7) 39. Kh2 {e7 would kill now.} h5 40. Rxf1 (40. e7 $142 Qf2 41. e8=Q Qg3+ 42. Kh1 Kh6 43. Qxe2 Qh4 {[#]} 44. Rb6 $1 {[%mdl 512]} Qg5 45. Q2e6 $1 {[%mdl 512]}) 40... exf1=Q 41. e7 Bd4 42. Qxd4 Qe1 43. Qe4 {Accuracy: White = 67%, Black = 44%.} 1-0

[Event "4NCL 2019-20"]
[Site "Daventry"]
[Date "2020.02.29"]
[Round "1"]
[White "Stewart, Ashley"]
[Black "Griffiths, Ryan Rhys"]
[Result "0-1"]
[WhiteElo "2152"]
[BlackElo "2354"]
[Annotator "TA"]
[PlyCount "92"]
[EventDate "2020.01.11"]
[EventCountry "ENG"]
[SourceTitle "playchess.com"]
[Source "ChessBase"]
[SourceQuality "1"]

{[%evp 19,92,6,19,11,22,0,0,0,0,-7,0,0,0,0,16,0,0,0,0,0,5,0,0,-36,-36,-31,-10,-27,-3,-4,-9,-68,-75,-88,-91,-90,-45,-57,-43,-56,-52,-175,-168,-159,-168,-167,-173,-559,-555,-611,-589,-568,-557,-1358,-1389,-1295,-1289,-1171,-747,-880,-935,-1893,-1810,-4818,-4818,-29972,-29976,-29983,-29984,-29984,-29985,-29985,-29986,-29993,-29994]} 1. c4 c5 2. g3 g6 3. Bg2 Bg7 4. Nc3 {[%cal Bb1c3,Bc3b5,Bb5d4][%mdl 32]} Nc6 5. Nf3 e6 6. d4 cxd4 7. Nb5 d5 8. cxd5 exd5 9. Nbxd4 Nge7 10. O-O O-O 11. Be3 {A37: Symmetrical English vs ...g6: 4 Bg2 Bg7 5 Nf3.} Re8 12. Qd2 Nf5 13. Nxf5 {The position is equal. has lost popularity (13.Nxc6).} Bxf5 14. Rad1 {[#]} Be4 $146 ({Predecessor:} 14... d4 15. Nxd4 Nxd4 16. Bxd4 Bxd4 17. Qxd4 Qxd4 18. Rxd4 Rxe2 19. Rb4 Rb8 20. Bf3 Re7 21. g4 Be6 22. h3 {½-½ (22) Schroeder,K (2199)-Naundorf,M (2152) Dortmund 2014}) 15. Rfe1 Qd7 16. Nd4 Rad8 17. Nxc6 (17. f3 {seems wilder.} Bf5 18. Bf2 Bh3 19. b3 h5 20. Nxc6 bxc6 21. Bc5) 17... Qxc6 18. Bd4 Bxg2 19. Kxg2 Re4 20. Bxg7 Kxg7 21. Qc3+ (21. Rc1 {is interesting.} Qb6 22. b3 Rde8 23. Qd3 d4 24. Rc4) 21... Qxc3 22. bxc3 $15 {[%mdl 4096] Endgame KRR-KRR} Ra4 23. Rd2 Rc8 24. Rb1 b6 25. Rbb2 ({White should play} 25. Rb5 $1 $11) 25... Rc5 26. e3 Ra3 ({Reject} 26... Rxc3 $6 27. Rxd5 h6 28. Kf3 $11) 27. Rb4 Raxc3 28. Ra4 $1 a5 {[%cal Ba7a5,Ba5a4,Ba4a3,Ba3a2][%mdl 32]} 29. Rad4 Ra3 30. Rxd5 {[#] This costs White the game.} ({Better is} 30. Kf3 $15) 30... Rxa2 $1 $19 {[%mdl 512]} 31. Rxc5 (31. Rxa2 Rxd5) 31... Rxd2 $15 {KR-KR} 32. Rb5 {[#]} Rd6 $1 33. e4 $2 (33. Kf3 {is more resistant.}) 33... a4 $19 34. Rb4 a3 {White must now prevent ...a2.} 35. e5 Rc6 36. Kf3 a2 37. Ra4 Rc2 38. Ra7 Kf8 39. Ke3 b5 {[%cal Bb6b5,Bb5b4,Bb4b3,Bb3b2][%mdl 32]} 40. f4 b4 41. e6 fxe6 42. Kd4 b3 {Black mates.} 43. Ke5 b2 44. Ra8+ Ke7 45. Ra7+ Kd8 46. Kd6 Rd2+ {Accuracy: White = 52%, Black = 90%.} 0-1

[Event "4NCL 2019-20"]
[Site "Daventry"]
[Date "2020.02.29"]
[Round "1"]
[White "Bremner, Adam"]
[Black "Willow, Jonah B"]
[Result "1/2-1/2"]
[WhiteElo "2148"]
[BlackElo "2377"]
[Annotator "ChessBase"]
[PlyCount "66"]
[EventDate "2020.01.11"]
[EventCountry "ENG"]
[SourceTitle "playchess.com"]
[Source "ChessBase"]
[SourceQuality "1"]
[TimeControl "40/6000:3000+30"]

1. e4 {[%emt 0:03:59]} c5 {[%emt 0:00:00]} 2. Nf3 {[%emt 0:00:00]} Nc6 {[%emt 0:00:00]} 3. d4 {[%emt 0:00:00]} cxd4 {[%emt 0:00:00]} 4. Nxd4 {[%emt 0:00:00]} g6 {[%emt 0:00:00]} 5. c4 {[%emt 0:00:00]} Nf6 {[%emt 0:02:18]} 6. Nc3 {[%emt 0:00:49]} d6 {[%emt 0:00:00]} 7. Be2 {[%emt 0:00:01]} Nxd4 {[%emt 0:00:00]} 8. Qxd4 {[%emt 0:00:00]} Bg7 {[%emt 0:00:00]} 9. Bg5 {[%emt 0:00:00]} O-O {[%emt 0:00:00]} 10. Qd2 {[%emt 0:00:00]} a5 {[%emt 0:02:58]} 11. O-O {[%emt 0:00:27]} a4 {[%emt 0:00:00]} 12. Rad1 {[%emt 0:00:24]} Qa5 {[%emt 0:41:07]} 13. Bxf6 {[%emt 0:00:00]} Bxf6 {[%emt 0:00:00]} 14. Nd5 {[%emt 0:00:00]} Qxd2 {[%emt 0:00:00]} 15. Nxf6+ {[%emt 0:00:00]} Kg7 {[%emt 0:00:00]} 16. Nh5+ {[%emt 0:00:00]} gxh5 {[%emt 0:00:00]} 17. Rxd2 {[%emt 0:00:00]} Be6 {[%emt 0:00:00]} 18. f4 {[%emt 0:00:00]} f5 {[%emt 0:01:27]} 19. exf5 {[%emt 0:00:00]} Rxf5 {[%emt 0:00:24]} 20. Bd3 {[%emt 0:00:00]} Rc5 {[%emt 0:06:53]} 21. Re1 {[%emt 0:06:01]} Kf6 {[%emt 0:05:54]} 22. Rde2 {[%emt 0:06:01]} Bxc4 {[%emt 0:00:00]} 23. Bxc4 {[%emt 0:00:00]} Rxc4 {[%emt 0:00:00]} 24. Rxe7 {[%emt 0:00:00]} Rb4 {[%emt 0:13:47]} 25. h3 {[%emt 0:12:40]} h4 {[%emt 0:04:01]} 26. R7e6+ {[%emt 0:34:13]} Kf5 {[%emt 0:00:05]} 27. Rxd6 {[%emt 0:00:02]} Rxb2 {[%emt 0:02:14]} 28. Rd5+ {[%emt 0:01:15]} Kxf4 {[%emt 0:02:04]} 29. Rd4+ {[%emt 0:00:00]} Kf5 {[%emt 0:00:00]} 30. Rd5+ {[%emt 0:07:49]} Kf6 {[%emt 0:00:00]} 31. Rd6+ {[%emt 0:00:00]} Kf5 {[%emt 0:00:05]} 32. Rd5+ {[%emt 0:00:00]} Kf6 {[%emt 0:00:00]} 33. Rd6+ {[%emt 0:00:00]} Kf5 {[%emt 0:00:00]} 1/2-1/2

[Event "4NCL 2019-20"]
[Site "Daventry"]
[Date "2020.02.29"]
[Round "1"]
[White "Spence, David J"]
[Black "Adair, James R"]
[Result "0-1"]
[WhiteElo "2146"]
[BlackElo "2451"]
[Annotator "TA"]
[PlyCount "65"]
[EventDate "2020.01.11"]
[EventCountry "ENG"]
[SourceTitle "playchess.com"]
[Source "ChessBase"]
[SourceQuality "1"]

{[%evp 13,65,12,15,22,10,16,6,12,32,0,0,0,0,-28,0,-34,-31,-28,-20,-40,-8,-50,-43,-54,-50,-39,-41,-52,49,33,48,-14,-13,-9,39,0,-3,-7,0,0,0,0,0,-18,0,-29,0,0,0,-27,0,-450,-441,-1414]} 1. e4 e5 2. Nf3 Nc6 3. Bc4 Bc5 4. c3 Nf6 5. d3 O-O 6. O-O d6 7. a4 a5 8. Bg5 {8.Nbd2 is the fancy move. C54: Giuoco Piano: 4 c3 Nf6, main lines with 5 d4 and 5 d3.} h6 9. Bh4 g5 10. Bg3 {The position is equal.} Kg7 11. Re1 g4 {[#]} 12. Nh4 $146 ({Predecessor:} 12. Bh4 Ne7 13. Bxf6+ Kxf6 14. d4 Bb6 15. Nh4 Kg7 16. Na3 exd4 17. cxd4 Nc6 18. Nf5+ Bxf5 19. exf5 {0-1 (51) Hou,Y (2652)-Ding,L (2773) Moscow 2017}) 12... Nh5 $36 {[%mdl 2048] Black has some pressure.} 13. Na3 Qf6 14. Qd2 Qg5 15. Red1 Ne7 16. Nc2 Nf6 17. Qe1 Ng6 18. Nxg6 fxg6 19. d4 Ba7 20. Kh1 exd4 (20... Nh5 $15) 21. cxd4 $14 Re8 22. f4 (22. e5 $14 Nh5 23. Qxa5) 22... gxf3 $1 $11 23. gxf3 d5 24. f4 (24. e5 $5 {[%cal Rg3h4]} dxc4 25. Bh4 $14) 24... Qh5 (24... Qg4 $5 25. Be2 $8 Qh3 $11) 25. Be2 Bg4 26. Bxg4 Qxg4 27. e5 Ne4 28. Ra3 c6 29. Ne3 Qh3 30. f5 gxf5 {Strongly threatening ...f4!} 31. Ng2 Kh7 32. Qxa5 $2 {[%mdl 8192]} (32. Bh4 $11 {and White has nothing to worry.} Qg4 33. h3) 32... Bc5 $1 $19 {[%mdl 64] [#] Discovered Attack} 33. e6 {Accuracy: White = 61%, Black = 76%.} (33. Qxa8 $142 Rxa8 34. dxc5) 0-1

[Event "4NCL 2019-20"]
[Site "Daventry"]
[Date "2020.02.29"]
[Round "1"]
[White "Ledger, Dave J"]
[Black "Ciuksyte, Dagne"]
[Result "0-1"]
[WhiteElo "2135"]
[BlackElo "2295"]
[Annotator "ChessBase"]
[PlyCount "70"]
[EventDate "2020.01.11"]
[EventCountry "ENG"]
[SourceTitle "playchess.com"]
[Source "ChessBase"]
[SourceQuality "1"]
[TimeControl "40/6000:3000+30"]

1. e4 {[%emt 0:00:00]} c5 {[%emt 0:00:00]} 2. Nf3 {[%emt 0:00:00]} e6 {[%emt 0:00:00]} 3. d4 {[%emt 0:00:00]} cxd4 {[%emt 0:00:00]} 4. Nxd4 {[%emt 0:00:00]} a6 {[%emt 0:00:00]} 5. c4 {[%emt 0:00:00]} Nf6 {[%emt 0:00:00]} 6. Nc3 {[%emt 0:00:00]} Qc7 {[%emt 0:00:00]} 7. Be2 {[%emt 0:01:32]} b6 {[%emt 0:00:00]} 8. f4 {[%emt 0:02:20]} Bb4 {[%emt 0:00:18]} 9. Qd3 {[%emt 0:05:17]} Bb7 {[%emt 0:00:00]} 10. e5 {[%emt 0:01:24]} Ne4 {[%emt 0:00:51]} 11. O-O {[%emt 0:01:43]} Bxc3 {[%emt 0:03:51]} 12. bxc3 {[%emt 0:00:05]} d6 {[%emt 0:00:39]} 13. exd6 {[%emt 0:04:17]} Qxd6 {[%emt 0:01:23]} 14. Bf3 {[%emt 0:02:08]} f5 {[%emt 0:07:35]} 15. a4 {[%emt 0:08:37]} Nd7 {[%emt 0:05:32]} 16. Ba3 {[%emt 0:01:32]} Ndc5 {[%emt 0:06:12]} 17. Qe3 {[%emt 0:00:14]} O-O {[%emt 0:05:35]} 18. a5 {[%emt 0:02:11]} e5 {[%emt 0:13:25]} 19. fxe5 {[%emt 0:14:54]} Qxe5 {[%emt 0:00:00]} 20. Rab1 {[%emt 0:05:44]} Rad8 {[%emt 0:18:34]} 21. Rxb6 {[%emt 0:04:43]} Rf7 {[%emt 0:02:39]} 22. Rfb1 {[%emt 0:17:37]} f4 {[%emt 0:01:27]} 23. Qe2 {[%emt 0:01:58]} Rxd4 {[%emt 0:00:44]} 24. cxd4 {[%emt 0:01:03]} Qxd4+ {[%emt 0:00:00]} 25. Kf1 {[%emt 0:01:41]} Nd2+ {[%emt 0:10:26]} 26. Qxd2 {[%emt 0:00:15]} Qxd2 {[%emt 0:00:00]} 27. Bxc5 {[%emt 0:00:00]} Rc7 {[%emt 0:08:46]} 28. Rxb7 {[%emt 0:05:41]} Rxc5 {[%emt 0:00:00]} 29. Rd1 {[%emt 0:01:26]} Qxa5 {[%emt 0:00:00]} 30. Rdd7 {[%emt 0:05:13]} Qa1+ {[%emt 0:00:00]} 31. Kf2 {[%emt 0:00:00]} Rc8 {[%emt 0:01:11]} 32. Bd5+ {[%emt 0:00:00]} Kh8 {[%emt 0:00:00]} 33. c5 {[%emt 0:01:20]} Qd4+ {[%emt 0:00:00]} 34. Kf1 {[%emt 0:00:58]} Qxc5 {[%emt 0:00:00]} 35. Rbc7 {[%emt 0:00:53]} Qxc7 {[%emt 0:00:00]} 0-1

[Event "4NCL 2019-20"]
[Site "Daventry"]
[Date "2020.02.29"]
[Round "1"]
[White "Walton, Alan J"]
[Black "Townsend, M Paul"]
[Result "0-1"]
[WhiteElo "2123"]
[BlackElo "2217"]
[Annotator "ChessBase"]
[PlyCount "68"]
[EventDate "2020.01.11"]
[EventCountry "ENG"]
[SourceTitle "playchess.com"]
[Source "ChessBase"]
[SourceQuality "1"]
[TimeControl "40/6000:3000+30"]

1. d4 {[%emt 0:00:00]} d5 {[%emt 0:00:00]} 2. c4 {[%emt 0:00:00]} e6 {[%emt 0:03:25]} 3. Nc3 {[%emt 0:00:00]} Nf6 {[%emt 0:00:00]} 4. cxd5 {[%emt 0:00:29]} exd5 {[%emt 0:00:00]} 5. Bg5 {[%emt 0:00:07]} c6 {[%emt 0:00:00]} 6. Qc2 {[%emt 0:01:44]} Be7 {[%emt 0:00:00]} 7. e3 {[%emt 0:00:16]} Nbd7 {[%emt 0:00:00]} 8. Bd3 {[%emt 0:00:11]} h6 {[%emt 0:00:00]} 9. Bh4 {[%emt 0:00:19]} Nh5 {[%emt 0:00:00]} 10. Bxe7 {[%emt 0:01:54]} Qxe7 {[%emt 0:00:00]} 11. O-O-O {[%emt 0:00:00]} Nb6 {[%emt 0:00:00]} 12. h3 {[%emt 0:05:32]} Nf6 {[%emt 0:00:43]} 13. Nf3 {[%emt 0:03:49]} Be6 {[%emt 0:00:03]} 14. Na4 {[%emt 0:00:18]} Nxa4 {[%emt 0:06:45]} 15. Qxa4 {[%emt 0:00:00]} O-O {[%emt 0:04:20]} 16. Kb1 {[%emt 0:01:57]} Ne4 {[%emt 0:07:50]} 17. Qc2 {[%emt 0:16:24]} Rac8 {[%emt 0:11:17]} 18. Ne5 {[%emt 0:05:25]} Rfd8 {[%emt 0:18:52]} 19. f3 {[%emt 0:01:58]} Nf6 {[%emt 0:00:11]} 20. g4 {[%emt 0:05:35]} c5 {[%emt 0:05:38]} 21. Qd2 {[%emt 0:08:40]} c4 {[%emt 0:03:03]} 22. Bc2 {[%emt 0:01:45]} Rd6 {[%emt 0:05:13]} 23. h4 {[%emt 0:03:53]} Nd7 {[%emt 0:11:38]} 24. Qb4 {[%emt 0:05:13]} c3 {[%emt 0:02:36]} 25. b3 {[%emt 0:00:00]} a5 {[%emt 0:01:21]} 26. Qa3 {[%emt 0:00:00]} a4 {[%emt 0:00:03]} 27. f4 {[%emt 0:02:25]} axb3 {[%emt 0:03:36]} 28. axb3 {[%emt 0:00:00]} Qf8 {[%emt 0:05:08]} 29. f5 {[%emt 0:01:33]} Ra8 {[%emt 0:00:00]} 30. Nxd7 {[%emt 0:03:04]} Bxd7 {[%emt 0:01:11]} 31. Qc5 {[%emt 0:00:00]} Rc8 {[%emt 0:00:21]} 32. Qb4 {[%emt 0:00:00]} Rcc6 {[%emt 0:02:42]} 33. Bd3 {[%emt 0:00:30]} c2+ {[%emt 0:00:00]} 34. Bxc2 {[%emt 0:00:00]} Rxc2 {[%emt 0:00:00]} 0-1

[Event "4NCL 2019-20"]
[Site "Daventry"]
[Date "2020.02.29"]
[Round "1"]
[White "Steil-Antoni, Fiona"]
[Black "Dahl, Baard"]
[Result "0-1"]
[WhiteElo "2121"]
[BlackElo "2078"]
[Annotator "ChessBase"]
[PlyCount "84"]
[EventDate "2020.01.11"]
[EventCountry "ENG"]
[SourceTitle "playchess.com"]
[Source "ChessBase"]
[SourceQuality "1"]
[TimeControl "40/6000:3000+30"]

1. e4 {[%emt 0:04:15]} e5 {[%emt 0:00:00]} 2. Nf3 {[%emt 0:00:00]} Nc6 {[%emt 0:00:00]} 3. d4 {[%emt 0:00:00]} exd4 {[%emt 0:00:00]} 4. Nxd4 {[%emt 0:00:00]} Qf6 {[%emt 0:00:00]} 5. Nb5 {[%emt 0:05:39]} Bc5 {[%emt 0:00:00]} 6. Qe2 {[%emt 0:04:14]} Bb6 {[%emt 0:00:00]} 7. N1c3 {[%emt 0:02:15]} Nge7 {[%emt 0:00:00]} 8. Nd5 {[%emt 0:06:05]} Nxd5 {[%emt 0:00:00]} 9. exd5+ {[%emt 0:00:00]} Kd8 {[%emt 0:00:00]} 10. h4 {[%emt 0:11:43]} h6 {[%emt 0:00:00]} 11. dxc6 {[%emt 0:05:19]} Re8 {[%emt 0:00:00]} 12. Be3 {[%emt 0:04:11]} Qxb2 {[%emt 0:00:00]} 13. Rd1 {[%emt 0:01:50]} bxc6 {[%emt 0:00:00]} 14. Qf3 {[%emt 0:22:31]} Ba5+ {[%emt 0:00:11]} 15. c3 {[%emt 0:00:36]} cxb5 {[%emt 0:00:00]} 16. Be2 {[%emt 0:00:20]} Qxc3+ {[%emt 0:17:07]} 17. Kf1 {[%emt 0:00:00]} Rb8 {[%emt 0:00:43]} 18. Qxf7 {[%emt 0:00:05]} Qe5 {[%emt 0:03:57]} 19. Bh5 {[%emt 0:03:08]} Bc3 {[%emt 0:09:34]} 20. Qxe8+ {[%emt 0:08:31]} Qxe8 {[%emt 0:00:00]} 21. Bxe8 {[%emt 0:00:00]} Kxe8 {[%emt 0:00:00]} 22. Bxa7 {[%emt 0:03:50]} Ra8 {[%emt 0:00:00]} 23. Rh3 {[%emt 0:00:12]} b4 {[%emt 0:00:05]} 24. Bd4 {[%emt 0:00:59]} Bxd4 {[%emt 0:07:57]} 25. Rxd4 {[%emt 0:00:00]} c5 {[%emt 0:04:58]} 26. Re3+ {[%emt 0:00:00]} Kd8 {[%emt 0:00:07]} 27. Rd5 {[%emt 0:04:12]} Ra5 {[%emt 0:03:50]} 28. Kg1 {[%emt 0:01:01]} Kc7 {[%emt 0:03:23]} 29. Re7 {[%emt 0:02:19]} Kc6 {[%emt 0:00:51]} 30. Rd2 {[%emt 0:00:16]} c4 {[%emt 0:00:00]} 31. Rxg7 {[%emt 0:02:21]} c3 {[%emt 0:00:00]} 32. Rc2 {[%emt 0:01:13]} Ba6 {[%emt 0:00:49]} 33. Rg3 {[%emt 0:00:34]} Bc4 {[%emt 0:00:07]} 34. Rg6+ {[%emt 0:01:28]} Kc5 {[%emt 0:01:44]} 35. Rxh6 {[%emt 0:00:00]} Ra4 {[%emt 0:00:27]} 36. Rc1 {[%emt 0:00:00]} Rxa2 {[%emt 0:00:53]} 37. Rh8 {[%emt 0:00:00]} c2 {[%emt 0:00:12]} 38. Rg8 {[%emt 0:00:51]} b3 39. Rc8+ {[%emt 0:00:00]} Kd4 {[%emt 0:00:00]} 40. h5 {[%emt 0:00:00]} d5 {[%emt 0:00:13]} 41. Rb8 {[%emt 0:48:53]} Rb2 {[%emt 0:54:10]} 42. h6 {[%emt 0:00:00]} Rb1 {[%emt 0:00:00]} 0-1